000 00382nam a2200157Ia 4500
003 Ost
005 20260225132540.0
008 260225s9999||||xx |||||||||||||| ||und||
040 _cfsic
041 _afre
082 _a341.6
100 _aJean luc mathieu
_eAuteur
245 0 _aLa défense internationale des droits de l'homme /
245 0 _cJean luc mathieu
942 _cكتاب
999 _c33478
_d33478